Magyary Géza

Elmentve itt :
Bibliográfiai részletek
Szerző: Beck Salamon
Dokumentumtípus: Cikk
Megjelent: 1928
Sorozat:Polgári jog : a hazai és külföldi magánjog és hiteljog szemléje 4 No. 8
Kulcsszavak:Magyary Géza, Jogtudomány magyar 20. sz.
Online Access:http://misc.bibl.u-szeged.hu/4876
LEADER 00609nab a2200169 i 4500
001 misc4876
005 20191106142849.0
008 170607s1928 hu o 0|| hun d
040 |a SZTE Miscellanea Repozitórium  |b hun 
041 |a hun 
100 1 |a Beck Salamon 
245 1 0 |a Magyary Géza  |h [elektronikus dokumentum] /  |c  Beck Salamon 
260 |c 1928 
300 |a 177-178a 
490 0 |a Polgári jog : a hazai és külföldi magánjog és hiteljog szemléje  |v 4 No. 8 
695 |a Magyary Géza, Jogtudomány magyar 20. sz. 
856 4 0 |u http://misc.bibl.u-szeged.hu/4876/1/polgari_jog_1928_177-178a.pdf  |z Dokumentum-elérés